000 00501nam a2200181Ia 4500
008 240925s9999 xx 000 0 und d
020 _a9780470930700
082 _a425 WOO
100 _aWoods, Geraldine
245 0 _aEnglish Grammar workbook for Dummies
250 _a2nd
260 _aNew York:
_bJohn Wiley & Sons
_c,2011.
300 _aVarious pages
_bNA
_fOriginal
500 _aIncludes Index
600 _aHumanities & Natural Science
650 _aEnglish and Old English
942 _cBK
999 _c14787
_d14787